000 00370 a2200097 4500
245 0 0 _aElementy stykowe urządzeń elektronicznych - Kontraktrony Metody badań elektrycznych PN-75/T-04400 /
_cMin. Przem. Maszynowego.
246 1 3 _aPN-75/T-04400
246 1 3 _a621.395.658.083:621.318.57
260 _aWarszawa :
_bMin. Przem. Maszynowego,
_c1975.
300 _a7 stron ;
_c30 cm.
650 _aPolska norma
999 _c20706
_d20706